MARC details
| 000 -CABECERA |
| campo de control de longitud fija |
01106nam a2200217 a 4500 |
| 001 - NÚMERO DE CONTROL |
| campo de control |
000000395 |
| 005 - FECHA Y HORA DE LA ÚLTIMA TRANSACCIÓN |
| campo de control |
20200929145334.0 |
| 008 - DATOS DE LONGITUD FIJA--INFORMACIÓN GENERAL |
| campo de control de longitud fija |
070508s2007 dr ac 000 0 spa d |
| 040 ## - FUENTE DE LA CATALOGACIÓN |
| Centro catalogador/agencia de origen |
DO-SdBNP |
| Lengua de catalogación |
spa |
| Centro/agencia transcriptor |
BNPHU |
| 082 ## - NÚMERO DE LA CLASIFICACIÓN DECIMAL DEWEY |
| Número de clasificación |
361.3 |
| Número de documento/Ítem |
D468m |
| 049 ## - FONDOS LOCALES (OCLC) |
| Fondos de biblioteca |
BNPD |
| 110 1# - ENTRADA PRINCIPAL--NOMBRE DE ENTIDAD CORPORATIVA |
| Nombre de entidad corporativa o nombre de jurisdicción como elemento de entrada |
República Dominicana |
| Unidad subordinada |
Despacho de la Primera Dama |
| 9 (RLIN) |
1327 |
| 245 10 - MENCIÓN DE TÍTULO |
| Título |
Mi recorrido solidario en favor de la familia dominicana. |
| 260 ## - PUBLICACIÓN, DISTRIBUCIÓN, ETC. |
| Lugar de publicación, distribución, etc. |
Santo Domingo : |
| Nombre del editor, distribuidor, etc. |
Despacho de la Primera Dama, |
| Fecha de publicación, distribución, etc. |
2007. |
| 300 ## - DESCRIPCIÓN FÍSICA |
| Extensión |
88 p. : |
| Otras características físicas |
il., retrs. ; |
| Dimensiones |
27 cm. |
| 505 0# - NOTA DE CONTENIDO CON FORMATO |
| Título |
Introducción. Mensaje de la Primera Dama. Programa Progresando -- |
| -- |
Centros tecnológicos comunitarios -- |
| -- |
Proyecto de bibliotecas -- |
| -- |
Solidaridad social -- |
| -- |
Unidad ejecutiva de proyectos especiales -- |
| -- |
En estrechos vínculos con la cultura -- |
| -- |
Mi recorrido en imágenes. Acuerdos nacionales e internacionales -- |
| -- |
Agenda internacional y su relación con personalidades del exterior. |
| 650 #4 - PUNTO DE ACCESO ADICIONAL DE MATERIA--TÉRMINO DE MATERIA |
| Término de materia o nombre geográfico como elemento de entrada |
Servicio social |
| Subdivisión geográfica |
República Dominicana |
| 9 (RLIN) |
1328 |
| 650 #4 - PUNTO DE ACCESO ADICIONAL DE MATERIA--TÉRMINO DE MATERIA |
| Término de materia o nombre geográfico como elemento de entrada |
Servicios a la familia |
| 9 (RLIN) |
1329 |
| 650 #4 - PUNTO DE ACCESO ADICIONAL DE MATERIA--TÉRMINO DE MATERIA |
| Término de materia o nombre geográfico como elemento de entrada |
Programas sociales |
| 9 (RLIN) |
1330 |
| 600 14 - PUNTO DE ACCESO ADICIONAL DE MATERIA--NOMBRE DE PERSONA |
| Nombre de persona |
CEDEÑO DE FERNÁNDEZ, MARGARITA |
| 9 (RLIN) |
1331 |